00527naa a2200169 450000500170000001000150001702000260003203500140005803700090007208200060008110000290008724501070011625000060022326000450022927000620027430000210033620250327165152.0 aENG-144279 a9780199472215c995.00 aEN-127811 bDBAD 21 aGupta, Pravin Jaiprakash aOxford Clinical Practice Series:bHandbook of Benign Proctological Disorders/cPravin Jaiprakash Gupta a1 aNew DelhibOxford University Pressc2017 aYMCA Library Building, Jai Singh RoadbNew Delhi e110001 a259pc20cm (pb)